1285 1696 1910 1413 1424 1118 1302 1473 1820 1567 1704 1048 1957 1422 1538 1866 1097 1074 1157 1157 1154 1191 1626 1904 1560 1940 1989 1317 1084 1693 1579 1445 1120 1683 1007 1859 1116 1619 1714 1187 1993 1538 1115 1926 1595 1822 1177 1851 1786 1576 1374 1955 1484 1232 1095 1471 1547 1068 1864 1863 1613 1633 1951 1088 1017 1529 1098 1883 1057 1779 1534 1240 1259 1744 1303 1582 1290 1707 1699 1977 1460 1109 1990 1139 1106 1199 1169 1722 1749 1552 1072 1968 1349 1604 1469 1765 1086 1486 1865 BCNSPRNW ULIB Ver.6.0+V

เปลี่ยนเป็นภาษาไทย

Change to English
 แสดงรายละเอียดบรรณานุกรม
  กลับหน้าหลัก

Brief Record : Get Marc (ISO 2709) : E-mail record : QR code < ปิดหน้าต่าง
LEADER : 00000nam 2200000uu 4500
001    13399121480
003     ULIB
008    121121s2550||||th 000 0 tha d
020    ^a9747153521
050  4 ^aML3758.T5^bศ282พ
100 0  ^aศรีอัมพร ประทุมนันท์
245 00 ^aเพลงพื้นบ้านกับการสอนภาษาไทย/^cศรีอัมพร ประทุมนันท์
250    ^aพิมพ์ครั้งที่ 2
260    ^aกรุงเทพฯ:^bศรีเมืองการพิมพ์,^c2550
300    ^a110 หน้า
650  7 ^aภาษาไทย^xการใช้ภาษา
700 0  ^aกานต์ธิดา ประทุมนัน,^eบรรณาธิการ
945    ^p199^l0^i16624
995    ^aวิภา
999 ^a ใช้งานได้ทุกระบบ
รายการนี้ยังไม่มีแท็ก
คุณยังไม่ได้ล็อกอิน คุณสามารถมีกิจกรรมร่วมกับเว็บไซต์ได้ แต่ต้องล็อกอินก่อน ::
  ล็อกอิน

รายการสื่อสารสนเทศ

ลำดับที่ ประเภท เลขเรียก/บาร์โค้ด สถานที่ สถานะ
1. วิทยาศาสตร์การแพทย์ และสุขภาพ
วิทยาศาสตร์การแพทย์ และสุขภาพ
ML3758.T5 ศ282พ  
  Barcode: 16624
ห้องสมุดวิทยาเขตสวรรค์ประชารักษ์
►หนังสือทั่วไป
บนชั้น

รายการใกล้เคียง
    ผู้แต่ง [ศรีอัมพร ประทุมนันท์]

BibComment


ยังไม่เคยถูกคอมเมนท์

คอมเมนท์ทรัพยากรรายการนี้
  คอมเมนท์: เพลงพื้นบ้านกับก..


 Copyright 2026. Bcnsprnw @Library